Skład Realu Madryt w sezonie 2011/2012 - Statystyki

Ogólne statystyki
  • Ten quiz został rozwiązany 198 razy
  • Średni wynik to 13 z 28
Statystyki odpowiedzi
numer kraj pozycja piłkarz % Poprawnych
1 Hiszpania B Iker Casillas
89%
4 Hiszpania O Sergio Ramos
85%
3 Portugalia O Pepe
83%
7 Portugalia N Cristiano Ronaldo
82%
12 Brazylia O Marcelo
82%
9 Francja N Karim Benzema
76%
20 Argentyna N Gonzalo Higuain
68%
10 Niemcy P Mesut Ozil
63%
6 Niemcy P Sami Khedira
63%
15 Portugalia O Fabio Coentrao
58%
8 Brazylia P Kaka
56%
14 Hiszpania P Xabi Alonso
56%
22 Argentyna N Angel Di Maria
55%
19 Francja O Raphael Varane
54%
29 Hiszpania N Alvaro Morata
46%
5 Turcja P Nuri Sahin
46%
2 Portugalia O Ricardo Carvalho
44%
17 Hiszpania O Alvaro Arbeloa
39%
27 Hiszpania O Nacho
38%
18 Hiszpania O Raul Albiol
27%
24 Turcja P Hamit Altintop
25%
13 Hiszpania B Antonio Adan
24%
21 Hiszpania N Jose Callejon
24%
28 Hiszpania N Jese
23%
11 Hiszpania P Esteban Granero
9%
30 Hiszpania B Jesus Fernandez
8%
25 Hiszpania B Tomas Mejias
3%
26 Hiszpania O Jorge Casado
1%
Nie znaleziono quizów pasujących do podanych kryteriów
Rozkład punktacji
Procent ludzi z każdym wynikiem
Percentyl według liczby udzielonych odpowiedzi
Twoja historia wyników
Nie rozwiązałeś tego quizu